| 000 | 01363nac a22003011u 4500 | ||
|---|---|---|---|
| 999 |
_c8040 _d8040 |
||
| 003 | EG-ScBUE | ||
| 005 | 20200119115453.0 | ||
| 008 | 120422s1972 ua f b 000 0 ara d | ||
| 040 |
_aEG-ScBUE _bara _erda _cEG-ScBUE _dEG-ScBUE |
||
| 041 | 1 |
_aara _hfre |
|
| 082 | 0 | 4 |
_a892.709 _bم ن د _222 |
| 100 | 1 |
_aمندور، محمد، _d1907-1965، _eمؤلف. _929687 |
|
| 245 | 1 | 2 |
_aالنفد المنهجي عند العرب ومنهج البحث في الأدب واللغة / _cالدكتور محمد مندور ؛ مترجم عن الأستاذين لانسون، ماييه. |
| 264 | 1 |
_aالقاهرة : _bدار نهضة مصر للطبع والنشر، _c[1972] |
|
| 300 |
_a477 صفحة ؛ _c22 سم |
||
| 336 |
_2rdacontent _aنص _btxt |
||
| 337 |
_2rdamedia _aبدون وسيط _bn |
||
| 338 |
_2rdacarrier _aمجلد _bnc |
||
| 504 | _aيشتمل على إرجاعات ببليوجرافية. | ||
| 546 | _aالنص باللغة العربية وتم ترجمته من اللغة الفرنسية. | ||
| 590 | _aايمان كامل | ||
| 650 | 7 |
_aالأدب العربي _xتاريخ ونقد. _2BUEsh _913631 |
|
| 653 |
_cApril2012 _bARALIT |
||
| 655 | _vReading book | ||
| 700 | 1 |
_aلانسون، جوستاف، _d1857-1934، _eمترجم. _929688 |
|
| 700 | 1 |
_aماييه، أنطوان، _eمترجم. _929689 |
|
| 942 |
_cBB _k892.709 م ن د _2ddc |
||